Manual de viticultura: guía técnica de Viticultura

Salvato in:
Dettagli Bibliografici
Autore principale: Reynier, Alain (Autore)
Natura: Libro
Lingua:spagnolo
Pubblicazione: Madrid Mundi-Prensa 2012
Edizione:6a. ed
Soggetti:
Tags: Aggiungi Tag
Nessun Tag, puoi essere il primo ad aggiungerne!!

MARC

LEADER 00000cam a2200000 a 4500
001 UCE5033
003 CL-VaPUC
008 141127e20120000sp |||||||||||||||||spa|d
020 |a 9788471149466 
082 0 4 |a 634.8  |b REY  |2 21 
100 0 |a Reynier, Alain  |e author  |9 577517 
245 1 0 |a Manual de viticultura: guía técnica de Viticultura 
250 |a 6a. ed 
300 |a 497 p 
942 |c BK 
945 |d 20141127 16:34:00  |a arojas 
260 |a Madrid  |b Mundi-Prensa  |c 2012 
650 0 |a Viticultura  |9 301210 
650 0 |a Vid  |9 264784 
650 0 |a Viñas  |9 365101 
650 0 |a Poda  |9 259686 
650 0 |a Control de plagas  |9 327373 
650 0 |a Enfermedades  |9 263059 
650 0 |a Fertilización   |9 259681 
650 0 |a Vino  |9 347466 
583 |a last modification  |c 20141127 16:34:00  |k Rodrigo Vera 
999 |c 357861  |d 357859 
952 |0 0  |1 0  |3 erb  |4 0  |6 634_800000000000000_REY_2012  |7 0  |8 A  |9 465975  |a BIBAGR  |b BIBAGR  |i 5126789  |l 5  |o 634.8 REY 2012  |p 5126789  |r 2025-01-20  |s 2023-05-19  |w 2019-11-23  |y BK  |z Catalogado en:20141127  |k AGR 
952 |0 0  |1 0  |3 erb  |4 0  |6 634_800000000000000_REY_2012  |7 0  |8 A  |9 465976  |a BIBAGR  |b BIBAGR  |i 5126797  |l 8  |m 1  |o 634.8 REY 2012  |p 5126797  |r 2025-01-20  |s 2022-06-24  |w 2019-11-23  |y BK  |z Catalogado en:20141127  |k AGR